|
|
|
|
| LEADER |
00000cas a2200000 a 4500 |
| 001 |
vtls009448045 |
| 003 |
SK-MaSNL |
| 005 |
20260425194359.0 |
| 008 |
170630d20052016xo ar l 0 b0slo |
| 015 |
|
|
|a SNBB2017-(r. 2007, r. 2008, r. 2009, r. 2010, r. 2011, r. 2012, r. 2013, r. 2014, r. 2015, r. 2016)
|
| 020 |
|
|
|a 9788089213764 (brož. : r. 2009)
|
| 020 |
|
|
|a 9788089213412 (brož. : r. 2007)
|
| 035 |
|
|
|a BJKDG42586
|
| 035 |
|
|
|a (SVKBBclas03)vtls000290151
|
| 035 |
|
|
|a TNKK103847
|
| 035 |
|
|
|a dszk062054 (r. 2009)
|
| 035 |
|
|
|a dszk056016 (r. 2010)
|
| 035 |
|
|
|a (SVKBBclas03)vtls000258198
|
| 035 |
|
|
|a SKPK46221
|
| 035 |
|
|
|a BJKDG41464
|
| 035 |
|
|
|a TNKK097987
|
| 040 |
|
|
|a BJKDG
|b slo
|c BJKDG
|d SNK
|e AACR2
|
| 041 |
0 |
|
|a slo
|
| 043 |
|
|
|a e-xo---
|
| 044 |
|
|
|a xo
|c SK
|
| 072 |
|
7 |
|a 336.1/.5
|x Verejné financie
|2 konspekt
|
| 072 |
|
7 |
|a 351
|x Úlohy verejnej správy, správne opatrenia. Legislatíva
|2 konspekt
|
| 080 |
|
|
|a 050
|2 2011
|
| 080 |
|
|
|a 336.226.1
|2 2001
|
| 080 |
|
|
|a 351.72
|2 2001
|
| 080 |
|
|
|a 336.225.621.12
|2 2001
|
| 080 |
|
|
|a (437.6)
|2 2011
|
| 080 |
|
|
|a (035)
|2 2011
|
| 080 |
|
|
|a (058)
|2 2011
|
| 100 |
1 |
|
|a Dobšovič, Dušan
|9 274408
|
| 245 |
1 |
0 |
|a Daňové výdavky od A do Z
|b v roku ...
|c Dušan Dobšovič a kol.
|
| 246 |
1 |
3 |
|a Daňové výdavky ...
|f 2010-2016
|
| 260 |
|
|
|a Žilina
|b Poradca
|c [2005]-2016
|
| 300 |
|
|
|a 12 zv.
|c 21 cm
|
| 362 |
0 |
|
|a [2005]-2016
|
| 500 |
|
|
|a Príloha mesačníka Poradca
|
| 500 |
|
|
|a Popis podľa: R. 2008
|
| 500 |
|
|
|a Súčasťou podnázvu je označenie kalendárneho roku
|
| 500 |
|
|
|a Súčasťou názvu od roku 2010 je označenie kalendárneho roku
|
| 500 |
|
|
|a Číslo ISSN 1335-1583 uvedené v dokumente patrí titulu Poradca (Žilina, Tlačené vydanie)
|
| 650 |
0 |
7 |
|a dane z príjmov
|2 SNKPH
|9 2125
|
| 650 |
0 |
7 |
|a Income tax
|2 SNKPHeng
|9 274436
|
| 650 |
0 |
7 |
|a daňové výdavky
|2 SNKPH
|9 28836
|
| 650 |
0 |
7 |
|a Tax expenditures
|2 SNKPHeng
|9 275448
|
| 651 |
|
7 |
|a Slovensko
|2 SNKPH
|9 14231
|
| 651 |
|
7 |
|a Slovakia
|2 SNKPHeng
|9 92630
|
| 655 |
|
7 |
|a príručky
|2 SNKPH
|9 74364
|
| 655 |
|
7 |
|a Handbooks, manuals, etc.
|9 90964
|
| 655 |
|
7 |
|a ročenky
|2 SNKPH
|9 57146
|
| 655 |
|
7 |
|a Yearbooks
|2 SNKPHeng
|9 120938
|
| 850 |
|
|
|a Bardejov – Okresná knižnica D. Gutgesela
|
| 910 |
|
|
|a snk
|
| 910 |
|
|
|a bjkdg
|
| 910 |
|
|
|a svkbb
|
| 910 |
|
|
|a ttkjf
|
| 910 |
|
|
|a dszk
|
| 910 |
|
|
|a svkpo
|
| 910 |
|
|
|a sezk
|
| 910 |
|
|
|a hevk
|
| 910 |
|
|
|a tvzk
|
| 916 |
|
|
|a 2007, 2008-2010, 2011, 2012-2016
|
| 919 |
|
|
|a 978-80-89213-76-4
|
| 919 |
|
|
|a 978-80-89213-41-2
|
| 999 |
|
|
|c 12604
|d 14534
|
| 952 |
|
|
|a SNK
|b SNK
|y PREZ
|7 0
|p 17A1263599
|o snkČSC 3702/2007
|i snk2017/16266
|8 0
|f 1
|0 0
|1 0
|4 0
|d 2017-07-12
|l 0
|r 2026-02-21 21:55:01
|w 2026-02-21
|
| 952 |
|
|
|a SNK
|b SNK
|y PREZ
|7 0
|p 17A1263600
|o snkČSC 3702/2007 D1
|i snk2017/16267
|8 0
|0 0
|1 0
|4 0
|d 2017-07-12
|l 0
|r 2026-02-21 21:55:01
|w 2026-02-21
|
| 952 |
|
|
|a SNK
|b SNK
|y PREZ
|7 0
|p 17A1263601
|o snkČSC 3702/2008 D1
|i snk2017/16270
|8 0
|0 0
|1 0
|4 0
|d 2017-07-12
|l 0
|r 2026-02-21 21:55:01
|w 2026-02-21
|
| 952 |
|
|
|a SNK
|b SNK
|y PREZ
|7 0
|p 17A1263602
|o snkČSC 3702/2011
|i snk2017/16271
|8 0
|f 1
|0 0
|1 0
|4 0
|d 2017-07-12
|l 0
|r 2026-02-21 21:55:01
|w 2026-02-21
|
| 952 |
|
|
|a SNK
|b SNK
|y PREZ
|7 0
|p 17A1263603
|o snkČSC 3702/2011 D1
|i snk2017/16272
|8 0
|0 0
|1 0
|4 0
|d 2017-07-12
|l 0
|r 2026-02-21 21:55:01
|w 2026-02-21
|
| 952 |
|
|
|a SNK
|b SNK
|y PREZ
|7 0
|p 17A1340949
|o snkČSC 3702/2013 D1
|i snk2018/24754
|8 0
|0 0
|1 0
|4 0
|d 2018-11-21
|l 0
|r 2026-02-21 22:06:17
|w 2026-02-21
|
| 952 |
|
|
|a SNK
|b SNK
|y PREZ
|7 0
|p 17A1340950
|o snkČSC 3702/2014 D1
|i snk2018/24756
|8 0
|0 0
|1 0
|4 0
|d 2018-11-21
|l 0
|r 2026-02-21 22:06:17
|w 2026-02-21
|
| 952 |
|
|
|a SNK
|b SNK
|y PREZ
|7 0
|p 17A1206215
|o snkČSC 3702/2008
|i snk2017/9705
|8 0
|f 1
|0 0
|1 0
|4 0
|d 2017-04-25
|l 0
|r 2026-02-21 22:11:00
|w 2026-02-21
|
| 952 |
|
|
|a SNK
|b SNK
|y PREZ
|7 0
|p 17A1206216
|o snkČSC 3702/2009
|i snk2017/9706
|8 0
|f 1
|0 0
|1 0
|4 0
|d 2017-04-25
|l 0
|r 2026-02-21 22:11:01
|w 2026-02-21
|
| 952 |
|
|
|a SNK
|b SNK
|y PREZ
|7 0
|p 17A1206217
|o snkČSC 3702/2009 D1
|i snk2017/9707
|8 0
|0 0
|1 0
|4 0
|d 2017-04-25
|l 0
|r 2026-02-21 22:11:01
|w 2026-02-21
|
| 952 |
|
|
|a SNK
|b SNK
|y PREZ
|7 0
|p 17A1206218
|o snkČSC 3702/2010
|i snk2017/9708
|8 0
|f 1
|0 0
|1 0
|4 0
|d 2017-04-25
|l 0
|r 2026-02-21 22:11:01
|w 2026-02-21
|
| 952 |
|
|
|a SNK
|b SNK
|y PREZ
|7 0
|p 17A1206219
|o snkČSC 3702/2010 D1
|i snk2017/9709
|8 0
|0 0
|1 0
|4 0
|d 2017-04-25
|l 0
|r 2026-02-21 22:11:01
|w 2026-02-21
|
| 952 |
|
|
|a SNK
|b SNK
|y PREZ
|7 0
|p 17A1206220
|o snkČSC 3702/2012
|i snk2017/9710
|8 0
|f 1
|0 0
|1 0
|4 0
|d 2017-04-25
|l 0
|r 2026-02-21 22:11:01
|w 2026-02-21
|
| 952 |
|
|
|a SNK
|b SNK
|y PREZ
|7 0
|p 17A1206221
|o snkČSC 3702/2012 D1
|i snk2017/9711
|8 0
|0 0
|1 0
|4 0
|d 2017-04-25
|l 0
|r 2026-02-21 22:11:01
|w 2026-02-21
|
| 952 |
|
|
|a SNK
|b SNK
|y PREZ
|7 0
|p 17A1206222
|o snkČSC 3702/2013
|i snk2017/9712
|8 0
|f 1
|0 0
|1 0
|4 0
|d 2017-04-25
|l 0
|r 2026-02-21 22:11:01
|w 2026-02-21
|
| 952 |
|
|
|a SNK
|b SNK
|y PREZ
|7 0
|p 17A1206223
|o snkČSC 3702/2014
|i snk2017/9713
|8 0
|f 1
|0 0
|1 0
|4 0
|d 2017-04-25
|l 0
|r 2026-02-21 22:11:01
|w 2026-02-21
|
| 952 |
|
|
|a SNK
|b SNK
|y PREZ
|7 0
|p 17A1206224
|o snkČSC 3702/2015
|i snk2017/9714
|8 0
|f 1
|0 0
|1 0
|4 0
|d 2017-04-25
|l 0
|r 2026-02-21 22:11:01
|w 2026-02-21
|
| 952 |
|
|
|a SNK
|b SNK
|y PREZ
|7 0
|p 17A1206225
|o snkČSC 3702/2015 D1
|i snk2017/9715
|8 0
|0 0
|1 0
|4 0
|d 2017-04-25
|l 0
|r 2026-02-21 22:11:01
|w 2026-02-21
|
| 952 |
|
|
|a SNK
|b SNK
|y PREZ
|7 0
|p 17A1206226
|o snkČSC 3702/2016
|i snk2017/9716
|8 0
|f 1
|0 0
|1 0
|4 0
|d 2017-04-25
|l 0
|r 2026-02-21 22:11:01
|w 2026-02-21
|
| 952 |
|
|
|a SNK
|b SNK
|y PREZ
|7 0
|p 17A1206227
|o snkČSC 3702/2016 D1
|i snk2017/9717
|8 0
|0 0
|1 0
|4 0
|d 2017-04-25
|l 0
|r 2026-02-21 22:11:01
|w 2026-02-21
|